000 00337 a2200157 4500
001 58099
020 _a9788520920831
040 _cAnchieta - Pituba
100 _aSantiago, Silviano
240 1 0 _aQuem é Capitu?
_lpor
245 1 0 _aQuem é Capitu?
300 _a172
362 0 _a2008
650 4 _aFicção brasileira
942 _cBK
999 _c58099
_d58099